Génová mašinka
Prístroj, ktorý by mohol zmeniť život, vyvinutý v americkom meste Guilford v štáte Connecticut. Osobný genómový stroj - najmenší a najlacnejší sekventátor na trhu (prístroj na dekódovanie DNA). Vynálezca prístroja - chemický inžinier J. Rothberg tvrdí, že sekvencovanie DNA vedcom pomôže nájsť slabé...
Salvato in:
| Autore principale: | |
|---|---|
| Natura: | Capitolo di libro |
| Lingua: | slovacco |
| Soggetti: | |
| Tags: |
Nessun Tag, puoi essere il primo ad aggiungerne!!
|
MARC
| LEADER | 00000naa a2200000 4500 | ||
|---|---|---|---|
| 001 | 0126357 | ||
| 005 | 20230918131103.7 | ||
| 041 | 0 | |a slo | |
| 044 | |a SK | ||
| 245 | 1 | 0 | |a Génová mašinka |c Matthew Herper |
| 520 | |a Prístroj, ktorý by mohol zmeniť život, vyvinutý v americkom meste Guilford v štáte Connecticut. Osobný genómový stroj - najmenší a najlacnejší sekventátor na trhu (prístroj na dekódovanie DNA). Vynálezca prístroja - chemický inžinier J. Rothberg tvrdí, že sekvencovanie DNA vedcom pomôže nájsť slabé miesta v nádoroch a predpisovať pacientom lieky na mieru. Ako sekventátor funguje. Oblasti, kde by mohol byť sekventátor prínosom. | ||
| 610 | 2 | 0 | |a technológie nové |
| 610 | 2 | 0 | |a veda |
| 610 | 2 | 0 | |a výskum |
| 610 | 2 | 0 | |a medicína |
| 610 | 2 | 0 | |a poľnohospodárstvo |
| 610 | 2 | 0 | |a priemysel |
| 100 | 1 | |a Herper, Matthew | |